| 000 | 00748nam a22002297a 4500 | ||
|---|---|---|---|
| 999 |
_c64814 _d64814 |
||
| 005 | 20240530110752.0 | ||
| 008 | 181216s2017 ua g 00| f ara d | ||
| 017 |
_a2017/13782 _bمصر. دار الكتب |
||
| 020 | _a9789777950494 | ||
| 040 |
_aEG-CaGPL _cEG-CaGPL |
||
| 082 | 0 | 4 |
_221 _a813.03 / _bن ب |
| 100 | 0 | _aناصر عراق | |
| 245 | 1 | 2 |
_aالبلاط الاسود : _bرواية / _cناصر عراق |
| 250 | _aط.2 | ||
| 260 |
_aالقاهرة : _bالدار المصرية اللبنانية ، _c2017. |
||
| 300 |
_a311 ص. ؛ _c19 سم. |
||
| 650 | 0 | 7 |
_2qrmak _aالادب العربى |
| 650 | 0 | 7 |
_2qrmak _aالقصص العربية |
| 651 | _2qrmak | ||
| 942 |
_2ddc _cBK |
||